| 000 | 00444pab a2200145 454500 | ||
|---|---|---|---|
| 008 | 180718b2006 xxu||||| |||| 00| 0 eng d | ||
| 100 | _aPerloff, Richard M. et al. | ||
| 245 | _aDoctor-patient communication, cultural competence, and minority health: theoretical and empirical perspectives | ||
| 260 | _c2006 | ||
| 300 | _ap.835-52. | ||
| 362 | _aFeb | ||
| 650 | _aHealth services | ||
| 773 | _aAmerican Behavioral Scientist | ||
| 909 | _a68880 | ||
| 999 |
_c68880 _d68880 |
||